000 01297nam0a2200289 4500
001 RU\NLR\bibl\1198738
005 20260406121619.0
010 _a978-5-699-24929-9
_94000
021 _aRU
_b2008-2150
_9117
035 _a(NLR Aleph) 001185250
090 _a1682784
_c1682784
100 _a20080311d2007 |||y0rusy50 ca
101 0 _arus
102 _aRU
105 _ay |||||||||
200 1 _aПреступления страсти
_iЖажда власти
_e[сборник новелл]
_fЕлена Арсеньева
210 _aМосква
_cЭксмо
_d2007
215 _a377, [2] с.
_d21
225 1 _aПреступления страсти
327 1 _aСодерж.: Ядовитая орхидея; Бориска прелукавый; Друг народа...да?; Недостижимая корона; Коль любить, так королеву!; Сестра брату своему; Кусочек для короля; "Ступайте царствовать, государь!"
700 1 _4070
_8rus
_7ca
_aАрсеньева
_bЕ. А.
_cписатель
_f1952-
_gЕлена Арсеньевна
_3RU\NLR\auth\77572
_9110618
801 0 _aRU
_bNLR
_c20080311
_gRCR
801 1 _aRU
_bNLR
_c20080311
942 _cBOOK
980 _aNB